Statistics for World Capitals Closest to Sana'a - 15 Second Sprint

Click here to take the quiz!

General Stats

  • This quiz has been taken 15 times
  • The average score is 7 of 20

Answer Stats

kmcapitalmiles% Correct
1074Riyadh667
82%
1747Muscat1086
73%
564Asmara350
64%
2103Cairo1307
64%
438Djibouti272
64%
1488Mogadishu925
55%
1343Doha834
45%
2039Jerusalem1267
36%
1248Khartoum775
36%
1482Abu Dhabi921
27%
925Addis Ababa575
27%
1379Manama857
27%
2029Amman1261
18%
1607Kuwait City998
18%
1998Baghdad1241
9%
1810Juba1125
9%
2103Kampala1307
9%
2024Nairobi1258
9%
2239Beirut1391
0%
2172Damascus1349
0%

Score Distribution

Percentile by Number Answered

Percent of People with Each Score

Your Score History

You have not taken this quiz